[Event "4NCL/Div4b/SCS2 vs. FCA2"]
[Site "Telford ENG"]
[Date "2005.02.27"]
[Round "6.1"]
[White "Bland, David"]
[Black "Adebajo, Femi"]
[Result "1/2-1/2"]
[WhiteElo "2006"]
[BlackElo "2045"]
[PlyCount "27"]
[EventDate "2005.02.27"]
[SourceDate "2004.09.21"]

1. d4 Nf6 2. Bg5 Ne4 3. Bf4 d5 4. e3 c5 5. f3 Nf6 6. c4 e6 7. Nc3 cxd4 8. exd4
Qa5 9. Qa4+ Qxa4 10. Nxa4 Bb4+ 11. Nc3 Nc6 12. O-O-O dxc4 13. Bxc4 Bd7 14. Nge2
1/2-1/2

[Event "4NCL/Div4b/SCS2 vs. FCA2"]
[Site "Telford ENG"]
[Date "2005.02.27"]
[Round "6.2"]
[White "Valentine, Brian J"]
[Black "Jimenez, Miguel"]
[Result "1-0"]
[WhiteElo "2050"]
[BlackElo "1955"]
[PlyCount "53"]
[EventDate "2005.02.27"]
[SourceDate "2004.09.21"]

1. e4 e5 2. Nc3 Nf6 3. f4 Bb4 4. fxe5 Bxc3 5. dxc3 Nxe4 6. Nf3 O-O 7. Qd5 Nxc3
8. bxc3 h6 9. Bd3 d6 10. O-O dxe5 11. Qe4 f5 12. Qxe5 Nc6 13. Qf4 Ne7 14. Ba3
b6 15. Rad1 Qe8 16. Qxc7 Be6 17. Qxe7 Qxe7 18. Bxe7 Rfe8 19. Bd6 Bxa2 20. Bxf5
Bc4 21. Rfe1 Red8 22. Be4 Rac8 23. Bb7 Rxd6 24. Rxd6 Rc7 25. Re8+ Kh7 26. Be4+
g6 27. Rxg6 1-0

[Event "4NCL/Div4b/SCS2 vs. FCA2"]
[Site "Telford ENG"]
[Date "2005.02.27"]
[Round "6.3"]
[White "Lutton, J Arnold"]
[Black "Matthews, Adrian"]
[Result "1/2-1/2"]
[WhiteElo "1950"]
[BlackElo "1980"]
[PlyCount "66"]
[EventDate "2005.02.27"]
[SourceDate "2004.09.21"]

1. e4 c5 2. Nc3 Nc6 3. f4 g6 4. Nf3 Bg7 5. Bb5 e6 6. O-O Nge7 7. d3 O-O 8. Qe1
d5 9. a3 Nd4 10. Nxd4 cxd4 11. Ne2 Bd7 12. Bxd7 Qxd7 13. Ng3 f5 14. e5 Rfc8 15.
Rf2 Rc7 16. b3 Rac8 17. Qd1 Qc6 18. Bb2 Qb6 19. Rc1 Nc6 20. Nf1 Bf8 21. Nd2 a5
22. Nf3 Bc5 23. Re2 Na7 24. a4 Nc6 25. Kh1 Bb4 26. Qg1 Bc5 27. Qf2 Re8 28. Qg1
Rg7 29. g3 Qa7 30. Qg2 Bb4 31. Ng5 Bc3 32. Ba3 Bb4 33. Bb2 Bc3 1/2-1/2

[Event "4NCL/Div4b/SCS2 vs. FCA2"]
[Site "Telford ENG"]
[Date "2005.02.27"]
[Round "6.4"]
[White "Harbour, Tom"]
[Black "Jones, Humphrey"]
[Result "1-0"]
[WhiteElo "1940"]
[BlackElo "1915"]
[PlyCount "81"]
[EventDate "2005.02.27"]
[SourceDate "2004.09.21"]

1. c4 c5 2. Nc3 Nc6 3. g3 g6 4. Bg2 Bg7 5. d3 Nf6 6. Be3 d6 7. Qc1 O-O 8. Bh6
e6 9. Bxg7 Kxg7 10. Nf3 Bd7 11. Nd2 Ne8 12. O-O f5 13. f4 Qf6 14. e3 Nb4 15. a3
Nc6 16. Rb1 a5 17. Re1 Rb8 18. Qc2 g5 19. Nf3 g4 20. Nd2 h5 21. Qd1 h4 22. Kf2
e5 23. Nd5 Qh6 24. Qc2 Nf6 25. Nb6 Be6 26. Qc3 exf4 27. exf4 Kf7 28. Nd5 Bxd5
29. cxd5 Ne7 30. Re6 hxg3+ 31. hxg3 Neg8 32. Nc4 Nxd5 33. Bxd5 Qh2+ 34. Bg2
Kxe6 35. Rh1 Qxh1 36. Bxh1 Nf6 37. Nxa5 Rh8 38. Bxb7 d5 39. Bxd5+ Nxd5 40. Qe5+
Kd7 41. Qxd5+ 1-0

[Event "4NCL/Div4b/SCS2 vs. FCA2"]
[Site "Telford ENG"]
[Date "2005.02.27"]
[Round "6.5"]
[White "Haydon, David"]
[Black "Harbour, John"]
[Result "1-0"]
[WhiteElo "1855"]
[BlackElo "1935"]
[PlyCount "45"]
[EventDate "2005.02.27"]
[SourceDate "2004.09.21"]

1. e4 d5 2. exd5 Qxd5 3. Nc3 Qa5 4. d4 Bf5 5. Bc4 e6 6. Bd2 c6 7. Nf3 Nf6 8.
Qe2 Bxc2 9. Bxe6 fxe6 10. Qxe6+ Be7 11. Qc8+ Qd8 12. Qxb7 Nbd7 13. Qxc6 Bd3 14.
Ne5 Bf5 15. O-O Rc8 16. Qa4 Qb6 17. Rfe1 Be6 18. d5 Bf5 19. Nc6 Ng4 20. Nxe7
Qxf2+ 21. Kh1 Qc5 22. Nxf5+ Kd8 23. Qxg4 1-0

[Event "4NCL/Div4b/SCS2 vs. FCA2"]
[Site "Telford ENG"]
[Date "2005.02.27"]
[Round "6.6"]
[White "Goldsworthy, Patrick"]
[Black "Sandham, David"]
[Result "1-0"]
[WhiteElo "1700"]
[BlackElo "1925"]
[PlyCount "75"]
[EventDate "2005.02.27"]
[SourceDate "2004.09.21"]

1. d4 Nf6 2. c4 c5 3. d5 e6 4. Nc3 exd5 5. cxd5 d6 6. e4 g6 7. Nf3 a6 8. a4 Bg4
9. Be2 Bxf3 10. Bxf3 Bg7 11. O-O O-O 12. Be3 Nbd7 13. Qd2 Re8 14. g3 Ne5 15.
Be2 Neg4 16. Bg5 h6 17. Bxg4 hxg5 18. Bf3 Nd7 19. Rab1 Ne5 20. Bg2 Qf6 21. Qe2
c4 22. Na2 Nd3 23. b3 cxb3 24. Rxb3 Nc5 25. Rb4 Qe5 26. Rd1 f5 27. f3 Rf8 28.
Qc2 Rf7 29. Nc1 Raf8 30. Nd3 Qc3 31. Qxc3 Bxc3 32. Rc4 Bg7 33. Nxc5 dxc5 34.
Rxc5 fxe4 35. fxe4 Rf2 36. d6 Ra2 37. e5 Re2 38. d7 1-0

[Event "4NCL/Div4b/HKF2 vs. PONTY"]
[Site "Telford ENG"]
[Date "2005.02.27"]
[Round "6.1"]
[White "Hammond, Andrew J C"]
[Black "Robinson, David"]
[Result "1-0"]
[WhiteElo "2213"]
[BlackElo "2036"]
[PlyCount "41"]
[EventDate "2005.02.27"]
[SourceDate "2004.09.21"]

1. d4 c5 2. d5 Nf6 3. Nc3 g6 4. e4 d6 5. Bd3 Bg7 6. Nge2 O-O 7. O-O b6 8. b3
Ba6 9. Bb2 Qc8 10. Ng3 c4 11. Be2 cxb3 12. cxb3 Bxe2 13. Qxe2 Qg4 14. f3 Qf4
15. Rac1 Nbd7 16. Nb5 h5 17. Rc7 a6 18. Na7 h4 19. Bc1 Qe5 20. Nc6 Nxd5 21.
exd5 1-0

[Event "4NCL/Div4b/HKF2 vs. PONTY"]
[Site "Telford ENG"]
[Date "2005.02.27"]
[Round "6.2"]
[White "Taylor, Robert G"]
[Black "Burrows, Martin P"]
[Result "1/2-1/2"]
[WhiteElo "2047"]
[BlackElo "2200"]
[PlyCount "96"]
[EventDate "2005.02.27"]
[SourceDate "2004.09.21"]

1. d4 Nf6 2. c4 g6 3. Nc3 Bg7 4. e4 d6 5. Be2 O-O 6. Nf3 e5 7. O-O Nc6 8. d5
Ne7 9. Ne1 Nd7 10. Nd3 f5 11. Bd2 Kh8 12. b4 fxe4 13. Nxe4 Nf6 14. f3 c6 15.
dxc6 bxc6 16. Rc1 Nf5 17. Qa4 Bd7 18. Qa3 Nd4 19. Nc3 Qe7 20. Nf2 Nh5 21. Rfe1
Nf4 22. Bxf4 Rxf4 23. b5 Nxe2+ 24. Nxe2 Rf7 25. Nd4 Bh6 26. Rcd1 cxb5 27. Nxb5
Bxb5 28. cxb5 Rd8 29. Ne4 d5 30. Qxe7 Rxe7 31. Nf6 d4 32. Rd3 Bg7 33. Ne4 Rc7
34. Rb1 Rc2 35. a3 Rb8 36. Nd6 Kg8 37. Rdb3 Bf8 38. Ne4 Bh6 39. h3 Be3+ 40. Kh2
Kg7 41. h4 Ra2 42. b6 Rxb6 43. Rxb6 axb6 44. Rxb6 Rxa3 45. Rb7+ Kf8 46. Rxh7
Ra6 47. Rb7 Ke8 48. Kh3 Kd8 1/2-1/2

[Event "4NCL/Div4b/HKF2 vs. PONTY"]
[Site "Telford ENG"]
[Date "2005.02.27"]
[Round "6.3"]
[White "Chipanga, Takaedza"]
[Black "Saunders, W Nigel"]
[Result "1-0"]
[WhiteElo "2189"]
[BlackElo "2086"]
[PlyCount "63"]
[EventDate "2005.02.27"]
[SourceDate "2004.09.21"]

1. d4 Nf6 2. c4 g6 3. Nc3 Bg7 4. e4 d6 5. Nf3 O-O 6. Be2 e5 7. O-O Nc6 8. d5
Ne7 9. b4 Ne8 10. c5 f5 11. Ng5 h6 12. Ne6 Bxe6 13. dxe6 Nc6 14. Bc4 Kh7 15.
Nd5 fxe4 16. b5 Ne7 17. Ba3 dxc5 18. Bxc5 Nd6 19. Nxc7 Qxc7 20. Bxd6 Qxc4 21.
Bxe7 Rfe8 22. Qd7 Qd4 23. Rfd1 Qb2 24. Bf6 Rg8 25. Bxg7 Rxg7 26. e7 e3 27. fxe3
Qc3 28. e8=Q Qxe3+ 29. Kh1 Rxe8 30. Qxe8 Qc3 31. Rac1 Qb2 32. Rc8 1-0

[Event "4NCL/Div4b/HKF2 vs. PONTY"]
[Site "Telford ENG"]
[Date "2005.02.27"]
[Round "6.4"]
[White "White, Ian G"]
[Black "Ogunshola, Ben"]
[Result "1/2-1/2"]
[WhiteElo "2033"]
[BlackElo "2175"]
[PlyCount "52"]
[EventDate "2005.02.27"]
[SourceDate "2004.09.21"]

1. e4 d6 2. Bc4 Nf6 3. d3 c6 4. Nf3 g6 5. O-O Bg7 6. Bb3 O-O 7. c3 e5 8. Nbd2
Nbd7 9. Re1 Nc5 10. Bc2 Qc7 11. Nf1 a5 12. Bd2 Re8 13. Ng3 Bd7 14. h3 d5 15.
exd5 Nxd5 16. d4 exd4 17. Nxd4 b5 18. Ne4 Nxe4 19. Bxe4 Nf6 20. Bf3 Rxe1+ 21.
Qxe1 Re8 22. Qf1 Ne4 23. Be3 b4 24. Qd3 Qe5 25. Rd1 bxc3 26. bxc3 Bf5 1/2-1/2

[Event "4NCL/Div4b/HKF2 vs. PONTY"]
[Site "Telford ENG"]
[Date "2005.02.27"]
[Round "6.5"]
[White "Crombleholme, Alan K"]
[Black "Davies, Peter L"]
[Result "1-0"]
[WhiteElo "2098"]
[BlackElo "2003"]
[PlyCount "51"]
[EventDate "2005.02.27"]
[SourceDate "2004.09.21"]

1. Nf3 Nf6 2. c4 c5 3. Nc3 g6 4. d4 cxd4 5. Nxd4 Bg7 6. e4 d6 7. Be2 O-O 8. Be3
Nc6 9. O-O a6 10. h3 Bd7 11. Qd2 Rc8 12. Rac1 Ne5 13. b3 Bc6 14. f4 Ned7 15.
Bf3 e5 16. Nxc6 Rxc6 17. f5 Qb8 18. g4 Ne8 19. g5 f6 20. Bg4 fxg5 21. fxg6 Ndf6
22. gxh7+ Nxh7 23. Rxf8+ Nxf8 24. Nd5 Ng6 25. Bxg5 Nc7 26. Bf5 1-0

[Event "4NCL/Div4b/HKF2 vs. PONTY"]
[Site "Telford ENG"]
[Date "2005.02.27"]
[Round "6.6"]
[White "Lobo, Richard"]
[Black "James, Stephen B"]
[Result "0-1"]
[WhiteElo "1914"]
[BlackElo "2075"]
[PlyCount "32"]
[EventDate "2005.02.27"]
[SourceDate "2004.09.21"]

1. e4 e5 2. f4 exf4 3. Nf3 g5 4. h4 g4 5. Ne5 Nf6 6. Nxg4 Nxe4 7. Bd3 Ng3 8.
Rh2 d5 9. Bb5+ c6 10. Ba4 Qe7+ 11. Kf2 Rg8 12. Ne3 fxe3+ 13. dxe3 Qe5 14. Nc3
Ne4+ 15. Nxe4 dxe4 16. Rh1 Qg3+ 0-1

[Event "4NCL/Div4b/ADD vs. BCA"]
[Site "Telford ENG"]
[Date "2005.02.27"]
[Round "6.1"]
[White "Briscoe, Christopher"]
[Black "Mordue, A Tyson"]
[Result "1/2-1/2"]
[WhiteElo "2169"]
[BlackElo "2288"]
[PlyCount "39"]
[EventDate "2005.02.27"]
[SourceDate "2004.09.21"]

1. e4 c5 2. a3 e6 3. Nf3 Nc6 4. Bb5 Nge7 5. O-O a6 6. Bxc6 Nxc6 7. c3 d5 8.
exd5 Qxd5 9. d4 c4 10. a4 Bd7 11. Re1 Bd6 12. Nbd2 O-O 13. b3 cxb3 14. c4 Qh5
15. Ne4 Bb4 16. Re3 Rad8 17. Qxb3 Bc8 18. Bb2 Be7 19. Rd1 Rd7 20. Red3 1/2-1/2

[Event "4NCL/Div4b/ADD vs. BCA"]
[Site "Telford ENG"]
[Date "2005.02.27"]
[Round "6.2"]
[White "Ross, Chris"]
[Black "Seymour, Timothy P"]
[Result "0-1"]
[WhiteElo "2122"]
[BlackElo "2053"]
[PlyCount "100"]
[EventDate "2005.02.27"]
[SourceDate "2004.09.21"]

1. e4 d5 2. exd5 Nf6 3. c4 e6 4. d4 exd5 5. Nf3 Bb4+ 6. Nc3 O-O 7. Bg5 Re8+ 8.
Be2 dxc4 9. O-O Nbd7 10. Nd5 Bd6 11. Bxc4 h6 12. Bh4 c6 13. Ne3 Nb6 14. Bb3 Be7
15. Qd3 Nbd5 16. a3 Nf4 17. Qd2 Ne4 18. Bxe7 Nxd2 19. Bxd8 Nxb3 20. Bc7 Ne6 21.
Bg3 Nxa1 22. Rxa1 Ng5 23. Nd2 Ne4 24. Nxe4 Rxe4 25. d5 cxd5 26. Nxd5 Be6 27.
Nc3 Rd4 28. Be5 Rd7 29. Rd1 Rad8 30. Rxd7 Rxd7 31. f3 f6 32. Bf4 Kf7 33. Kf2
Ke7 34. Be3 a6 35. Ne4 Rc7 36. Bc5+ Kd7 37. Bd4 Bd5 38. Nd2 Kc6 39. h4 Re7 40.
g4 Kb5 41. Bc3 a5 42. f4 Ka4 43. g5 fxg5 44. fxg5 hxg5 45. hxg5 g6 46. Kg3 Re3+
47. Kf4 Rxc3 48. bxc3 Kxa3 49. Ke5 Bb3 50. Kf6 Bc2 0-1

[Event "4NCL/Div4b/ADD vs. BCA"]
[Site "Telford ENG"]
[Date "2005.02.27"]
[Round "6.3"]
[White "Dupré, Paul D"]
[Black "Armstrong, William G"]
[Result "1-0"]
[WhiteElo "2057"]
[BlackElo "1960"]
[PlyCount "67"]
[EventDate "2005.02.27"]
[SourceDate "2004.09.21"]

1. d4 Nf6 2. c4 g6 3. Nc3 Bg7 4. e4 d6 5. Be2 O-O 6. Nf3 c5 7. d5 Na6 8. Bg5 h6
9. Bh4 Bd7 10. O-O Nh5 11. Qd2 Qe8 12. Ne1 Nf6 13. Nc2 Nc7 14. a4 Nh7 15. a5 g5
16. Bg3 f6 17. Rae1 b5 18. axb6 axb6 19. f4 b5 20. e5 b4 21. Nb5 Nxb5 22. cxb5
dxe5 23. fxe5 Bxb5 24. d6 fxe5 25. Rxf8+ Nxf8 26. Bxb5 Qxb5 27. dxe7 Ne6 28.
Qd5 Ra6 29. Bxe5 b3 30. Nd4 Qe8 31. Nxe6 Rxe6 32. Qxe6+ Kh7 33. Bxg7 Kxg7 34.
Rf1 1-0

[Event "4NCL/Div4b/ADD vs. BCA"]
[Site "Telford ENG"]
[Date "2005.02.27"]
[Round "6.4"]
[White "Hilton, Steve"]
[Black "Klein, Cornelia"]
[Result "1-0"]
[WhiteElo "1850"]
[BlackElo "1945"]
[PlyCount "123"]
[EventDate "2005.02.27"]
[SourceDate "2004.09.21"]

1. d4 d5 2. c4 e6 3. Nc3 Nf6 4. Bg5 Nbd7 5. Nf3 c6 6. e3 Qa5 7. Nd2 Bb4 8. Qc2
dxc4 9. Bxf6 Nxf6 10. Nxc4 Qd8 11. Bd3 O-O 12. O-O h6 13. Rac1 c5 14. dxc5 Bxc5
15. Rfd1 Qe7 16. Ne4 Nxe4 17. Bxe4 Rb8 18. a3 a6 19. b4 Ba7 20. Nd6 f5 21. Bf3
e5 22. Bd5+ Be6 23. Nxf5 Qf6 24. e4 Bxd5 25. Rxd5 Kh7 26. Qd2 Rbd8 27. Rxd8
Rxd8 28. Qe2 Qg5 29. Rd1 Rxd1+ 30. Qxd1 Qf4 31. Qc2 h5 32. g3 Qf3 33. a4 Bb6
34. a5 Bd8 35. h4 Bf6 36. Ne3 Kh6 37. Qc4 Kh7 38. Qd5 Qe2 39. Qxb7 Qd3 40. Qd5
Qb1+ 41. Kg2 Qxb4 42. g4 hxg4 43. Nxg4 Qe7 44. h5 Qe8 45. Qb7 Kh8 46. h6 gxh6
47. Qxa6 Bg7 48. f3 h5 49. Ne3 Qe7 50. Qg6 Qb4 51. Qxh5+ Kg8 52. Qe8+ Kh7 53.
Ng4 Qd2+ 54. Kh3 Qxa5 55. Qe6 Qc3 56. Qf7 Qc8 57. Kg3 Qd8 58. Nxe5 Qg5+ 59. Ng4
Kh8 60. Qe8+ Kh7 61. Qf7 Kh8 62. f4 1-0

[Event "4NCL/Div4b/ADD vs. BCA"]
[Site "Telford ENG"]
[Date "2005.02.27"]
[Round "6.5"]
[White "Goggin, Eamonn P"]
[Black "Hodgkins, David W"]
[Result "1-0"]
[WhiteElo "1870"]
[BlackElo "1775"]
[PlyCount "85"]
[EventDate "2005.02.27"]
[SourceDate "2004.09.21"]

1. c4 Nf6 2. Nc3 e6 3. g3 d5 4. cxd5 exd5 5. d4 c6 6. Bg2 Bb4 7. Qb3 Bxc3+ 8.
bxc3 Nbd7 9. Ba3 Nb6 10. Nf3 Nc4 11. O-O Nxa3 12. Qxa3 Qe7 13. Qxe7+ Kxe7 14.
Nd2 Bf5 15. c4 Rhe8 16. Rac1 Rac8 17. Rc3 Kf8 18. e3 h6 19. c5 Rb8 20. Rfc1 Re7
21. Rb3 Rc7 22. Rcc3 b5 23. cxb6 Rxb6 24. f3 Be6 25. Bf1 Nd7 26. Rc1 Rxb3 27.
Nxb3 Nb6 28. Na5 Ke7 29. Rxc6 Rxc6 30. Nxc6+ Kd6 31. Nxa7 Nc4 32. Bxc4 dxc4 33.
Nb5+ Kc6 34. Nc3 Kb6 35. e4 Bd7 36. Kf2 Ka5 37. a3 Kb6 38. Ke3 g5 39. Kd2 Ka5
40. Ke3 Kb6 41. h4 Ka5 42. f4 g4 43. f5 1-0

[Event "4NCL/Div4b/ADD vs. BCA"]
[Site "Telford ENG"]
[Date "2005.02.27"]
[Round "6.6"]
[White "Williams, Robin"]
[Black "Rhodes, Peter"]
[Result "0-1"]
[WhiteElo "1650"]
[BlackElo "1815"]
[PlyCount "100"]
[EventDate "2005.02.27"]
[SourceDate "2004.09.21"]

1. e4 d6 2. d4 Nf6 3. Nc3 g6 4. Be3 Bg7 5. Qd2 Nc6 6. f3 a6 7. g4 b5 8. h4 h5
9. gxh5 Nxh5 10. Nge2 e5 11. Bg5 Bf6 12. Bxf6 Qxf6 13. Qg5 Qxg5 14. hxg5 Nxd4
15. Nxd4 exd4 16. Nd5 Ra7 17. Nf6+ Kf8 18. Nxh5 gxh5 19. a4 b4 20. O-O-O c5 21.
Bd3 Be6 22. b3 d5 23. exd5 Bxd5 24. Rh3 Be6 25. Rh2 h4 26. f4 Bd5 27. Re1 a5
28. Re5 Rd7 29. f5 f6 30. gxf6 Kf7 31. Re7+ Rxe7 32. fxe7 Kxe7 33. Re2+ Kf6 34.
Rh2 Bf3 35. Kd2 Bg4 36. Ke1 Bxf5 37. Rf2 Rh5 38. Kf1 Rg5 39. Bc4 h3 40. Bd3 Kg6
41. Bb5 Be4 42. Rh2 Rg3 43. Bd7 Bg2+ 44. Kf2 Rc3 45. Ke1 Kg5 46. Kf2 Rxc2+ 47.
Kg3 Rc3+ 48. Kf2 Kf4 49. Be6 Rc2+ 50. Ke1 Kg3 0-1

[Event "4NCL/Div4b/BRJ vs. WWKS2"]
[Site "Telford ENG"]
[Date "2005.02.27"]
[Round "6.1"]
[White "Haydon, Richard"]
[Black "Fishburne, Stewart K"]
[Result "1-0"]
[WhiteElo "2205"]
[BlackElo "2190"]
[PlyCount "51"]
[EventDate "2005.02.27"]
[SourceDate "2004.09.21"]

1. Nf3 g6 2. c4 Bg7 3. Nc3 d6 4. d4 Nd7 5. g3 e5 6. Bg2 Ne7 7. O-O O-O 8. e4
Nc6 9. Be3 exd4 10. Nxd4 Nde5 11. c5 Nc4 12. Nxc6 bxc6 13. Bc1 Rb8 14. Qc2 f5
15. cxd6 cxd6 16. b3 Qf6 17. Na4 Ne5 18. f4 Ng4 19. Bb2 Qe7 20. Rae1 Bxb2 21.
Qxb2 Qc7 22. e5 dxe5 23. fxe5 Re8 24. Qc3 Rxe5 25. h3 Rxe1 26. Rxe1 1-0

[Event "4NCL/Div4b/BRJ vs. WWKS2"]
[Site "Telford ENG"]
[Date "2005.02.27"]
[Round "6.2"]
[White "Lloyd, Alan D"]
[Black "Richmond, Peter A"]
[Result "0-1"]
[WhiteElo "2140"]
[BlackElo "2257"]
[PlyCount "66"]
[EventDate "2005.02.27"]
[SourceDate "2004.09.21"]

1. c4 e6 2. g3 d5 3. Bg2 Nf6 4. Nf3 Be7 5. O-O O-O 6. d4 dxc4 7. Nc3 c5 8. dxc5
Nc6 9. Qa4 Bxc5 10. Qxc4 Be7 11. Rd1 Qb6 12. Bf4 Bd7 13. Be5 Rfd8 14. Rd2 Rac8
15. Qf4 Be8 16. Rxd8 Bxd8 17. Na4 Qb5 18. Nc3 Qxb2 19. Rb1 Qa3 20. Nb5 Qxa2 21.
Ra1 Qxe2 22. Bf1 Qe4 23. Nd6 Qxf4 24. gxf4 Ra8 25. Nxb7 Bb6 26. Rc1 Ng4 27. Kg2
Ngxe5 28. Nxe5 Nxe5 29. fxe5 Bd4 30. Ba6 Bxe5 31. Kf3 Bxh2 32. Ke3 g5 33. Rc4
h5 0-1

[Event "4NCL/Div4b/BRJ vs. WWKS2"]
[Site "Telford ENG"]
[Date "2005.02.27"]
[Round "6.3"]
[White "Bourne, Johnathan"]
[Black "Lam, Paul G M"]
[Result "1-0"]
[WhiteElo "2100"]
[BlackElo "2016"]
[PlyCount "125"]
[EventDate "2005.02.27"]
[SourceDate "2004.09.21"]

1. d4 Nf6 2. Bg5 c6 3. Bxf6 gxf6 4. e3 d5 5. c4 e6 6. Nc3 Bd6 7. Nf3 f5 8. Be2
Nd7 9. c5 Bc7 10. b4 Qf6 11. Qc1 Qg7 12. g3 Nf6 13. Nh4 Ng4 14. Bxg4 Qxg4 15.
Qd1 Qg7 16. f4 h5 17. Kf2 Bd8 18. Rg1 Bd7 19. a4 Bf6 20. Nf3 h4 21. Qf1 Qh6 22.
Rh1 Ke7 23. Qg2 Rag8 24. Rhg1 Rg4 25. Qf1 Rhg8 26. Ne2 Qf8 27. Qd1 Qb8 28. Qc2
hxg3+ 29. hxg3 Ke8 30. Rh1 R4g7 31. Rab1 Bd8 32. Qc3 Bc7 33. b5 f6 34. Rh6 Ke7
35. Qb4 Qe8 36. a5 Qf8 37. b6 axb6 38. axb6 Bd8 39. Rbh1 Rg6 40. Rh7+ R6g7 41.
Qe1 Rxh7 42. Rxh7+ Rg7 43. Qh1 Rxh7 44. Qxh7+ Qf7 45. Qxf7+ Kxf7 46. Nc1 Bc8
47. Nb3 Be7 48. Ne1 Ke8 49. Kg2 Kd8 50. Na5 Kd7 51. Nd3 Bd8 52. Kh3 Be7 53. Kh4
Bd8 54. Kh5 Be7 55. Kg6 Ke8 56. Nb4 Kd7 57. Kg7 Bd8 58. Kf7 Be7 59. Nbxc6 bxc6
60. b7 Bxb7 61. Nxb7 e5 62. fxe5 fxe5 63. dxe5 1-0

[Event "4NCL/Div4b/BRJ vs. WWKS2"]
[Site "Telford ENG"]
[Date "2005.02.27"]
[Round "6.4"]
[White "Cooper, David M"]
[Black "Cabero, Pablo Padilla"]
[Result "1-0"]
[WhiteElo "2095"]
[BlackElo "2015"]
[PlyCount "141"]
[EventDate "2005.02.27"]
[SourceDate "2004.09.21"]

1. e4 Nf6 2. e5 Nd5 3. Qf3 Nb4 4. Qb3 c5 5. Nf3 e6 6. c3 N4c6 7. d4 d5 8. exd6
Bxd6 9. Be3 cxd4 10. Nxd4 Nxd4 11. Bxd4 O-O 12. Nd2 Nc6 13. Be3 Ne5 14. Be2 Bd7
15. Ne4 Bc6 16. Nxd6 Qxd6 17. Rd1 Qc7 18. O-O Bd5 19. Qa4 Nc4 20. Bc1 b5 21.
Qc2 Qc6 22. f3 Qc5+ 23. Kh1 Rac8 24. Bd3 f5 25. Qf2 Qc6 26. Rfe1 a5 27. Bf4
Rfd8 28. b3 Nb6 29. Be5 a4 30. Bd4 Rb8 31. Qe2 axb3 32. Bxb5 Qb7 33. axb3 Bxb3
34. Rb1 Qd5 35. Bd3 Na4 36. Bc2 Bxc2 37. Qxc2 Rxb1 38. Qxb1 Nc5 39. Qb6 Nb7 40.
Qxe6+ Qxe6 41. Rxe6 Kf7 42. Rb6 Rd7 43. Kg1 Nd8 44. Ra6 g6 45. Kf2 Nb7 46. h4
Nd6 47. Rc6 Nb5 48. Be3 Ke7 49. c4 Nc3 50. Bf4 Nd1+ 51. Kg3 Nc3 52. Bg5+ Kf7
53. c5 Ne2+ 54. Kf2 Nd4 55. Rf6+ Ke8 56. Be3 Nb3 57. Rb6 Na5 58. Ra6 Nc4 59. c6
Rc7 60. Bf4 Rc8 61. c7 Kd7 62. Rf6 Nb2 63. Rf7+ Ke6 64. Rxh7 Nd3+ 65. Ke3 Ne1
66. Kf2 Nd3+ 67. Kg3 Nxf4 68. Kxf4 Kf6 69. Ke3 Ke6 70. Kd4 Ra8 71. Kc5 1-0

[Event "4NCL/Div4b/BRJ vs. WWKS2"]
[Site "Telford ENG"]
[Date "2005.02.27"]
[Round "6.6"]
[White "Emanuel, John"]
[Black "Hall, Joshua D"]
[Result "1-0"]
[WhiteElo "2040"]
[BlackElo "1980"]
[PlyCount "91"]
[EventDate "2005.02.27"]
[SourceDate "2004.09.21"]

1. c4 Nf6 2. g3 g6 3. Bg2 Bg7 4. Nc3 O-O 5. d3 d6 6. e4 Nc6 7. Nge2 Ne8 8. O-O
f5 9. Be3 Nf6 10. h3 e5 11. Qd2 Nh5 12. exf5 gxf5 13. f4 Kh8 14. Kh2 Bd7 15.
Rae1 Qe8 16. Nd5 Rc8 17. b4 a6 18. a3 Nf6 19. Nec3 Rg8 20. Nxf6 Bxf6 21. Nd5
Qg6 22. Nxf6 Qxf6 23. Rg1 Rg7 24. Bxc6 Bxc6 25. d4 Rd8 26. d5 Bd7 27. Qc3 Re8
28. Re2 h5 29. h4 Rg6 30. Bc1 Kh7 31. Bb2 Qe7 32. Qf3 Rg4 33. fxe5 f4 34. e6
fxg3+ 35. Rxg3 Rxh4+ 36. Kg2 Rg4 37. Qd3+ Kh6 38. Bc1+ Kg7 39. Bb2+ Kh6 40.
Rxg4 hxg4 41. Kg3 Ba4 42. Rh2+ Kg5 43. Bc1+ Kf6 44. Rh6+ Kg7 45. Qg6+ Kf8 46.
Rh8# 1-0

[Event "4NCL/Div4b/MET vs. GREN"]
[Site "Telford ENG"]
[Date "2005.02.27"]
[Round "6.1"]
[White "Fegan, Chris"]
[Black "Pugh, Derek C"]
[Result "1/2-1/2"]
[WhiteElo "2133"]
[BlackElo "2180"]
[PlyCount "22"]
[EventDate "2005.02.27"]
[SourceDate "2004.09.21"]

1. d4 d6 2. e4 Nf6 3. Nc3 g6 4. f4 Bg7 5. Nf3 c5 6. Bb5+ Bd7 7. e5 Ng4 8. e6
fxe6 9. Ng5 Bxb5 10. Nxe6 Bxd4 11. Nxd8 Bf2+ 1/2-1/2

[Event "4NCL/Div4b/MET vs. GREN"]
[Site "Telford ENG"]
[Date "2005.02.27"]
[Round "6.2"]
[White "Osborne, David"]
[Black "Fogarasi, Norbert"]
[Result "1-0"]
[WhiteElo "2095"]
[BlackElo "2118"]
[PlyCount "65"]
[EventDate "2005.02.27"]
[SourceDate "2004.09.21"]

1. e4 c5 2. Nc3 Nc6 3. g3 g6 4. Bg2 Bg7 5. d3 e6 6. Be3 d6 7. Qd2 Rb8 8. Nge2
Nd4 9. Bxd4 cxd4 10. Nb5 Qb6 11. Qb4 Ke7 12. a3 e5 13. O-O Bd7 14. c4 a6 15.
Nbc3 Qxb4 16. Nd5+ Kd8 17. axb4 Ne7 18. f4 Nxd5 19. exd5 f5 20. fxe5 dxe5 21.
Nc1 Re8 22. Nb3 e4 23. Nc5 Bf8 24. dxe4 Bxc5 25. bxc5 fxe4 26. Rf4 Kc7 27. d6+
Kc6 28. b4 Be6 29. Bxe4+ Kd7 30. Bd5 d3 31. Bxe6+ Rxe6 32. Rf7+ Kc6 33. Rc7#
1-0

[Event "4NCL/Div4b/MET vs. GREN"]
[Site "Telford ENG"]
[Date "2005.02.27"]
[Round "6.3"]
[White "Calvert, D Ian"]
[Black "Bass, John"]
[Result "1-0"]
[WhiteElo "2034"]
[BlackElo "2102"]
[PlyCount "61"]
[EventDate "2005.02.27"]
[SourceDate "2004.09.21"]

1. b3 e5 2. Bb2 Nc6 3. e3 d6 4. Nf3 Nf6 5. d4 exd4 6. Nxd4 Bd7 7. c4 g6 8. Nc3
Bg7 9. Be2 O-O 10. O-O Re8 11. Bf3 Rb8 12. Nxc6 Bxc6 13. Rb1 Qd7 14. Nd5 Bxd5
15. Bxd5 a6 16. Bxf6 Bxf6 17. Qf3 c6 18. Bxc6 bxc6 19. Qxf6 Re6 20. Qd4 a5 21.
Rbd1 Rb4 22. Rd3 Qb7 23. Rfd1 a4 24. Qc3 axb3 25. axb3 Qb8 26. e4 f6 27. g3 Kf7
28. c5 d5 29. exd5 cxd5 30. Rxd5 Rxb3 31. Rd7+ 1-0

[Event "4NCL/Div4b/MET vs. GREN"]
[Site "Telford ENG"]
[Date "2005.02.27"]
[Round "6.4"]
[White "Hardy, Roger"]
[Black "Djabri, Zafer M"]
[Result "0-1"]
[WhiteElo "2030"]
[BlackElo "2072"]
[PlyCount "94"]
[EventDate "2005.02.27"]
[SourceDate "2004.09.21"]

1. e4 c5 2. Nf3 Nc6 3. d4 cxd4 4. Nxd4 Nf6 5. Nc3 e6 6. Nb3 Bb4 7. Bd3 d5 8.
exd5 exd5 9. O-O O-O 10. Nb5 Bg4 11. f3 Bh5 12. c3 Be7 13. Bf4 a6 14. N5d4 Bg6
15. Kh1 Nh5 16. Nxc6 bxc6 17. Be3 Bd6 18. g3 Bxg3 19. hxg3 Nxg3+ 20. Kg2 Nxf1
21. Qxf1 Re8 22. Bf4 Qf6 23. Bg3 Re3 24. Bxg6 Qxg6 25. Re1 Qc2+ 26. Qf2 Qxf2+
27. Kxf2 Rxe1 28. Kxe1 f6 29. Kf2 Kf7 30. Nc5 g5 31. a4 f5 32. Bd6 h5 33. a5
Kf6 34. Nd3 h4 35. Nb4 Ke6 36. Bc5 Kd7 37. Nd3 Re8 38. Bd4 Kd6 39. Bf6 Rg8 40.
b4 Ke6 41. Bd4 Ra8 42. Kg2 g4 43. f4 Re8 44. Nc5+ Kd6 45. Nxa6 Re2+ 46. Kf1 Ra2
47. Nc5 h3 0-1

[Event "4NCL/Div4b/MET vs. GREN"]
[Site "Telford ENG"]
[Date "2005.02.27"]
[Round "6.5"]
[White "Syed, Nayeem"]
[Black "Egginton, David C"]
[Result "1-0"]
[WhiteElo "1950"]
[BlackElo "2070"]
[PlyCount "87"]
[EventDate "2005.02.27"]
[SourceDate "2004.09.21"]

1. d4 Nf6 2. c4 e6 3. Nc3 Bb4 4. Qc2 O-O 5. Bg5 c5 6. e3 b6 7. Bd3 h6 8. Bh4
Bb7 9. Nge2 d6 10. Rg1 g5 11. Bg3 Nh5 12. O-O-O Bxc3 13. Qxc3 f5 14. f3 Nxg3
15. hxg3 Qf6 16. Rh1 Nc6 17. Rh5 Kg7 18. Rdh1 Rh8 19. d5 Ne5 20. dxe6 Nxd3+ 21.
Qxd3 Qxe6 22. Nc3 Rad8 23. Nd5 Rde8 24. Re1 Bxd5 25. Qxd5 Qxd5 26. cxd5 Kg6 27.
Rhh1 Re5 28. e4 fxe4 29. Rxe4 Rxe4 30. fxe4 Kf6 31. Kd2 h5 32. g4 h4 33. Ke3
Re8 34. Rf1+ Ke7 35. Rf5 Rg8 36. e5 dxe5 37. Rxe5+ Kd7 38. Ke4 Re8 39. Rxe8
Kxe8 40. Kf5 b5 41. Kxg5 a5 42. Kf4 a4 43. Ke4 b4 44. Kd3 1-0